Analytic geometry and the calculus
Αποθηκεύτηκε σε:
| Κύριος συγγραφέας: | |
|---|---|
| Μορφή: | Βιβλίο |
| Γλώσσα: | English |
| Δημοσίευση: |
Macmillan,
|
| Ετικέτες: |
Προσθήκη ετικέτας
Δεν υπάρχουν, Καταχωρήστε ετικέτα πρώτοι!
|
MARC
| LEADER | 00000cam a2200000 i 4500 | ||
|---|---|---|---|
| 001 | 1/48985 | ||
| 008 | 941103s eng d | ||
| 035 | |l 10043489 | ||
| 040 | |a GR-MY-UA |b gre |e aacr | ||
| 041 | 0 | |a eng | |
| 100 | 1 | |a Goodman, A. W. |q (Adolph Winkler), |d 1915-2004. | |
| 245 | 1 | 0 | |a Analytic geometry and the calculus |
| 260 | |b Macmillan, | ||
| 852 | |a INST |b SAMOS |e 19941103 |h 515.15 GOO |p 005300014129 |q 005300014129 |t BK |y 12 | ||
| 909 | |a Σ |b 008350 | ||